BUBT Library Online Catalog

Interpretation of Statutes and Documents/ (Record no. 7207)

000 -LEADER
fixed length control field 00720nam a22002177a 4500
003 - CONTROL NUMBER IDENTIFIER
control field BUBTL
008 - FIXED-LENGTH DATA ELEMENTS--GENERAL INFORMATION
fixed length control field 240207b ||||| |||| 00| 0 eng d
020 ## - INTERNATIONAL STANDARD BOOK NUMBER
International Standard Book Number 9848272356
082 ## - DEWEY DECIMAL CLASSIFICATION NUMBER
Classification number 346.013/ Is41i/ 2009
100 ## - MAIN ENTRY--PERSONAL NAME
9 (RLIN) 2421
Personal name Islam, Mahmudul
245 ## - TITLE STATEMENT
Title Interpretation of Statutes and Documents/
Statement of responsibility, etc. Mahmudul Islam
250 ## - EDITION STATEMENT
Edition statement 1st ed
260 ## - PUBLICATION, DISTRIBUTION, ETC. (IMPRINT)
Place of publication, distribution, etc. Dhaka:
Name of publisher, distributor, etc. Mullick Brothers,
Date of publication, distribution, etc. c2009
300 ## - PHYSICAL DESCRIPTION
Extent 482 p. :
Dimensions 22.5 cm
500 ## - GENERAL NOTE
General note Includes Index
505 ## - FORMATTED CONTENTS NOTE
Formatted contents note Interpretation of Statutes and Documents, Basic Principles of Interpretation of Statutes, Presumption in Interpretation of Statutes
650 #0 - SUBJECT ADDED ENTRY--TOPICAL TERM
9 (RLIN) 26
Topical term or geographic name as entry element Law
856 ## - ELECTRONIC LOCATION AND ACCESS
Password 0
Logon 0
Link text Download
942 ## - ADDED ENTRY ELEMENTS (KOHA)
Source of classification or shelving scheme
Koha item type Books
Holdings
Withdrawn status Lost status Source of classification or shelving scheme Damaged status Not for loan Collection code Permanent location Current location Shelving location Date acquired Source of acquisition Inventory number Total Checkouts Full call number Barcode Date last seen Copy number Price effective from Koha item type Date last checked out Total Renewals
        Not For Loan Non-fiction Bangladesh University of Business and Technology Library Bangladesh University of Business and Technology Library Law Stacks 03/31/2016 Purchase 22256   346.013/ Is41i/ 2009 BUBTL-200322256 02/07/2024 C-1 02/07/2024 Books    
          Non-fiction Bangladesh University of Business and Technology Library Bangladesh University of Business and Technology Library Law Stacks 03/31/2016 Purchase 22257 3 346.013/ Is41i/ 2009 BUBTL-200322257 05/07/2024 C-2 02/07/2024 Books 05/02/2024  
          Non-fiction Bangladesh University of Business and Technology Library Bangladesh University of Business and Technology Library Law Stacks 03/31/2016 Purchase 22258 2 346.013/ Is41i/ 2009 BUBTL-200322258 03/19/2024 C-3 02/07/2024 Books 03/10/2024 1

More Information About Library

Library Hours

  • Open: 9.00 am. to 9.00 pm.
  • Only Sunday: 9.00 am. to 6.00 pm.
  • Closed: Holiday

Contact to the University

Bangladesh University of Business and Technology Library

  • Mirpurl-2, 1216.
  • Phone:
  • Fax:
  • E-Mail: admin.library@bubt.edu.bd

Contact to the Library

Contact Person:

Md. Abdul Hakim Shah
Joint Librarian
PABX No:  113
Cell No: 01816332931
E-mail: official: admin.library@bubt.edu.bd
Personal: hakim.shah@bubt.edu.bd


BUBT Library

Copyright © 2021